[Event "BCF-ch"]
[Site "Southampton"]
[Date "1986.??.??"]
[Round "8"]
[White "Arkell, Keith C"]
[Black "Hazelton, Martin"]
[Result "1/2-1/2"]
[WhiteElo "2350"]
[BlackElo "2145"]
[PlyCount "80"]
[EventDate "1986.07.28"]
[EventType "swiss"]
[EventRounds "11"]
[EventCountry "ENG"]
[SourceTitle "EXT 1999"]
[Source "ChessBase"]
[SourceDate "1998.11.16"]
[SourceVersion "1"]
[SourceVersionDate "1998.11.16"]
[SourceQuality "1"]

1. d4 d5 2. c4 Nc6 3. cxd5 Qxd5 4. Nf3 e5 5. Nc3 Bb4 6. Bd2 Bxc3 7. Bxc3 e4 8. Nd2 e3 9. fxe3 Nf6 10. e4 Nxe4 11. Nxe4 Qxe4 12. d5 Ne7 13. Bxg7 Rg8 14. Qd4 Qxd5 15. Rd1 Qxd4 16. Bxd4 Be6 17. a3 0-0-0 18. Bf6 Rxd1+ 19. Kxd1 Nf5 20. g3 Bd5 21. Bh3 Bxh1 22. Bxf5+ Kb8 23. Bxh7 Re8 24. h4 Be4 25. Bxe4 Rxe4 26. h5 Re6 27. Bg7 Rd6+ 28. Ke1 Rc6 29. Kf2 Rc1 30. Bf6 Rc6 31. Bg7 Rc1 32. g4 Kc8 33. Bc3 Rh1 34. Kg2 Rh4 35. Kg3 Rh1 36. Kf4 c5 37. Kg5 Kd7 38. Kh6 Ke6 39. Kh7 Rh4 40. h6 f6 1/2-1/2

[Event "BCF-ch"]
[Site "Southampton"]
[Date "1986.??.??"]
[Round "11"]
[White "Hazelton, Martin"]
[Black "Ravisekhar, Raja"]
[Result "1-0"]
[WhiteElo "2145"]
[BlackElo "2395"]
[PlyCount "59"]
[EventDate "1986.07.28"]
[EventType "swiss"]
[EventRounds "11"]
[EventCountry "ENG"]
[SourceTitle "EXT 1999"]
[Source "ChessBase"]
[SourceDate "1998.11.16"]
[SourceVersion "1"]
[SourceVersionDate "1998.11.16"]
[SourceQuality "1"]

1. e4 c5 2. Nf3 d6 3. Bb5+ Bd7 4. Bxd7+ Qxd7 5. 0-0 Nc6 6. c3 Nf6 7. d4 cxd4 8. cxd4 d5 9. e5 Ne4 10. Nbd2 Nxd2 11. Bxd2 e6 12. Re1 h6 13. Bc3 Be7 14. Nd2 0-0 15. Qg4 Rfe8 16. Nb3 b6 17. Re3 Bf8 18. Rg3 Ne7 19. Bd2 Nf5 20. Rh3 Kh7 21. Qf4 Be7 22. g4 Nh4 23. Qg3 g5 24. Qd3+ Kg7 25. f4 f5 26. gxf5 Nxf5 27. Kh1 g4 28. Rg1 Kh8 29. Rxg4 Rg8 30. Qxf5 1-0

[Event "BCF-ch"]
[Site "Southampton"]
[Date "1986.??.??"]
[Round "3"]
[White "Hazelton, Martin"]
[Black "Teichmann, Erik Oskar Michael"]
[Result "1/2-1/2"]
[WhiteElo "2145"]
[BlackElo "2310"]
[PlyCount "53"]
[EventDate "1986.07.28"]
[EventType "swiss"]
[EventRounds "11"]
[EventCountry "ENG"]
[SourceTitle "EXT 1999"]
[Source "ChessBase"]
[SourceDate "1998.11.16"]
[SourceVersion "1"]
[SourceVersionDate "1998.11.16"]
[SourceQuality "1"]

1. e4 Nc6 2. Nf3 d6 3. d4 Bg4 4. Be2 e5 5. c3 Nge7 6. d5 Nb8 7. Nbd2 Ng6 8. h3 Bc8 9. Nc4 Be7 10. Ne3 h6 11. Ng1 Nd7 12. Nf5 Bf6 13. Be3 Kf8 14. Bg4 Bg5 15. Ne2 Nf6 16. Qc2 Bxf5 17. exf5 Ne7 18. c4 Qd7 19. Bxg5 hxg5 20. Ng3 b5 21. b3 Rb8 22. 0-0 bxc4 23. bxc4 c6 24. Rab1 Rd8 25. dxc6 Nxc6 26. Qd2 Nxg4 27. hxg4 1/2-1/2